Por qué está en guerra la Gran Bretaña y lo que espera del porvenir : (Record no. 75674)

MARC details
000 -LEADER
campo de control de longitud fija 00730nam a2200169 i 4500
001 - NÚMERO DE CONTROL
campo de control 75674
003 - IDENTIFICADOR DE NÚMERO DE CONTROL
campo de control ES-MaACL
005 - FECHA Y HORA DE LA ÚLTIMA TRANSACCIÓN
campo de control 20230906172540.0
007 - CAMPO FIJO DE DESCRIPCIÓN FÍSICA--INFORMACIÓN GENERAL
campo de control de longitud fija t|
008 - DATOS DE LONGITUD FIJA--INFORMACIÓN GENERAL
campo de control de longitud fija 040927s1916 xxk ||||1| spa d
100 1# - ENTRADA PRINCIPAL--NOMBRE DE PERSONA
Nombre de persona Grey de Fallodon, Edward Grey
Títulos y otros términos asociados al nombre Vizconde (
Fechas asociadas al nombre 1862-1933)
9 (RLIN) 59971
245 10 - MENCIÓN DEL TÍTULO
Título Por qué está en guerra la Gran Bretaña y lo que espera del porvenir :
Resto del título : discurso por el vizconde Grey de Fallodon, ministro de Estado de la Gran Bretaña, dirigido a los representantes de la prensa embajadora de Londres, el 23 de octubre de 1916.
260 ## - PUBLICACIÓN, DISTRIBUCIÓN, ETC.
Lugar de publicación, distribución, etc. Londres :
Nombre del editor, distribuidor, etc. Jas Truscott & Sons,
Fecha de publicación, distribución, etc. 1916.
300 ## - DESCRIPCIÓN FÍSICA
Extensión 22 p. ;
Dimensiones 19 cm.
650 #4 - PUNTO DE ACCESO ADICIONAL DE MATERIA--TÉRMINO DE MATERIA
Término de materia o nombre geográfico como elemento de entrada Guerra mundial, 1914-1918-
Subdivisión geográfica Gran Bretaña.
9 (RLIN) 141633
852 4# - LOCALIZACIÓN
Ubicación ES-MaACL
Número de control de estantería 1579-F-27
Holdings
Estatus retirado Estado de pérdida Estado de daño No para préstamo Colección Biblioteca de origen Biblioteca actual Ubicación en estantería Fecha de adquisición Fuente de adquisición Total de préstamos Signatura topográfica completa Código de barras Visto por última vez Precio de reemplazo Tipo de ítem Koha
        Colección de folletos Biblioteca del Ateneo de Madrid Biblioteca del Ateneo de Madrid Depósito folletos 17/01/2008     1579-F-27 1079205 23/02/2023 23/02/2023 Folleto